000 00800cam a2200241 a 4500
001 000012142
005 20200929162719.0
008 980923s1998 pe b 001 0 spa
020 _a9972618242
040 _aDO-SdBNP
_cDLC
042 _apcc
043 _as-pe---
082 _a371.2
_bI24d
100 1 _aIguiñiz Echeverría , Manuel
_928693
245 1 0 _aDos miradas a la gestión de la escuela pública /
_cManuel Iguiñiz Echeverría , Claudia Dueñas Santander.
260 _aLima :
_bTarea,
_c1998.
300 _a274 p. ;
_c24 cm.
504 _aIncludes bibliographical references (p. 263-274).
650 4 _aAdministracion escolar
_zPeru.
_928694
650 4 _aEscuelas publcias
_zPeru.
_928695
700 1 _aDueñas Santander, Claudia.
_928696
910 _aCatalogación por copia / LC
999 _c11807
_d11807